000 00393nam a2200145Ia 4500
008 090122s9999 xx 000 0 und d
082 _b7178
_a891.4681
100 _aकाणेकर
_bअनंत
245 _aचांदरात
600 _aकाणेकर
630 _aचांदरात
700 _aकाणेकर
730 _aचांदरात
942 _cBOOK
999 _c31255
_d31255